000 00693nam a22002417a 4500
005 20170124110111.0
010 _aB-122358
020 _c70.00
_a8126017002
035 _aB-122358
037 _bCen Lib/Ret
040 _aDPL
_bEN
082 _aS
_bBHA
100 _aBhandari, Mohan
_929165
245 _aThe eye of the doe /
_cby Mohan Bhandari; translated by Rana Nayar
260 _aNew Delhi
_bSahitya akademy
_c2003
270 _bNew Delhi
_aRabindra bhavan, 35, Ferozshah road
_e110001
300 _a164p.
_c19cm(pbk)
650 _aHindi Literature
_929166
650 _aShort stories
_944
700 _aNayar, Rana
_929155
700 _929156
942 _2ddc
_cEN
_hS
_mBHA
999 _c130421
_d130421